[Event "CFriend Christmas email"]
[Site "Chessfriend.com"]
[Date "2006.12.12"]
[Round "?"]
[White "Bonato, Osiris"]
[Black "Degner, Uwe"]
[Result "1-0"]
[WhiteElo "1617"]
[BlackElo "1775"]
[PlyCount "47"]
[EventDate "2006.??.??"]
[EventType "tourn (corr)"]
[EventRounds "14"]
[EventCountry "GER"]
[SourceTitle "Corr 2011"]
[Source "ChessBase"]
[SourceDate "2010.08.31"]
[SourceVersion "1"]
[SourceVersionDate "2010.08.31"]
[SourceQuality "1"]

1. e4 e5 2. Nf3 Nc6 3. Bc4 h6 4. 0-0 Nf6 5. d3 d6 6. h3 g6 7. Nc3 Bg7 8. a3 0-0 9. Re1 a6 10. Ba2 Ne7 11. d4 c5 12. dxc5 dxc5 13. Qxd8 Rxd8 14. Nxe5 Rf8 15. Na4 c4 16. Nb6 Be6 17. Nxa8 Rxa8 18. Bxc4 Bxc4 19. Nxc4 Rc8 20. Ne3 Nxe4 21. Nf1 f5 22. f3 Bd4+ 23. Kh2 Be5+ 24. Kh1 1-0

[Event "CFriend Christmas email"]
[Site "Chessfriend.com"]
[Date "2006.12.12"]
[Round "?"]
[White "Degner, Uwe"]
[Black "Guenther, Klaus"]
[Result "1-0"]
[WhiteElo "1775"]
[BlackElo "1844"]
[PlyCount "59"]
[EventDate "2006.??.??"]
[EventType "tourn (corr)"]
[EventRounds "14"]
[EventCountry "GER"]
[SourceTitle "Corr 2011"]
[Source "ChessBase"]
[SourceDate "2010.08.31"]
[SourceVersion "1"]
[SourceVersionDate "2010.08.31"]
[SourceQuality "1"]

1. d4 g6 2. c4 Bg7 3. e4 d6 4. Nc3 Nc6 5. d5 Nd4 6. Be3 c5 7. Nge2 Nxe2 8. Qxe2 Nf6 9. g3 0-0 10. Bg2 a6 11. 0-0 Bd7 12. Bd2 Rb8 13. a4 Qc7 14. f4 Bg4 15. Qe3 Nd7 16. h3 Nf6 17. hxg4 Nxg4 18. Qe2 h5 19. Bh3 Nh6 20. f5 Kh7 21. g4 Nxg4 22. Bxg4 Bd4+ 23. Kg2 hxg4 24. Qxg4 Kg7 25. fxg6 fxg6 26. Rxf8 Rxf8 27. Rf1 Bf6 28. Rh1 Rg8 29. Bh6+ Kf7 30. Qe6+ 1-0